Význam inovácií a proces zavádzania inovácií v podnikoch

Vysvetlenie základných princípov inovácií a význam inovácií pre ďalšie pôsobenie firmy na trhu. V podmienkach globálnej Európy je nevyhnutnou podmienkou všetkých producentov neustále inovovať svoju produkciu a tým si zachovať konkurencieschopnosť.

Salvato in:
Dettagli Bibliografici
Autore principale: Strišš, Jozef
Natura: Capitolo di libro
Lingua:slovacco
Soggetti:
Tags: Aggiungi Tag
Nessun Tag, puoi essere il primo ad aggiungerne!!

MARC

LEADER 00000naa$a2200000$$$4500
001 0062057
005 20221207085224.1
041 0 |a slo 
044 |a CZ 
245 1 0 |a Význam inovácií a proces zavádzania inovácií v podnikoch  |c Jozef Strišš 
520 |a Vysvetlenie základných princípov inovácií a význam inovácií pre ďalšie pôsobenie firmy na trhu. V podmienkach globálnej Európy je nevyhnutnou podmienkou všetkých producentov neustále inovovať svoju produkciu a tým si zachovať konkurencieschopnosť. 
610 2 0 |a inovácia 
610 2 0 |a výrobky 
610 2 0 |a inovácia výrobkov 
610 2 0 |a podnik 
100 1 |a Strišš, Jozef